Eco-towns sustainability appraisal (Record no. 108529)

MARC details
000 -LEADER
fixed length control field 01593cad a22002415a 4500
001 - CONTROL NUMBER
control field L144521
008 - FIXED-LENGTH DATA ELEMENTS--GENERAL INFORMATION
fixed length control field 080725e20080724xxkado f f000 0 eng d
020 ## - INTERNATIONAL STANDARD BOOK NUMBER
International Standard Book Number 9781409803478
035 ## - SYSTEM CONTROL NUMBER
System control number (Sirsi) u144521
041 0# - LANGUAGE CODE
Language code of text/sound track or separate title eng
050 04 - LIBRARY OF CONGRESS CALL NUMBER
Classification number 333.72 $2 18
110 2# - MAIN ENTRY--CORPORATE NAME
Corporate name or jurisdiction name as entry element United Kingdom
Subordinate unit Department for Communities and Local Government
9 (RLIN) 4939
245 00 - TITLE STATEMENT
Title Eco-towns sustainability appraisal
Remainder of title scoping report for the Planning Policy Statement on eco-towns
Medium [electronic resource]
260 ## - PUBLICATION, DISTRIBUTION, ETC.
Place of publication, distribution, etc. London
Name of publisher, distributor, etc. DCLG
Date of publication, distribution, etc. 2008
505 2# - FORMATTED CONTENTS NOTE
Formatted contents note Planning Policy Statement on eco-towns -- The sustainability appraisal process -- Review of other plans, programmes and objectives -- Baseline information -- Key sustainability issues -- The eco-towns SA framework -- Consultation and next steps -- Appendix A: review of plans, programmes and objectives -- Appendix B: compatability of eco-towns SA objectives and objectives map -- Appendix C: baseline information -- Appendix D: national and regional baseline indicators, trends and issues -- Appendix E: key issues from SAs of LDF core strategies
520 ## - SUMMARY, ETC.
Summary, etc. This scoping report is the first stage of the sustainability assessments for the eco-towns programme, and outlines the criteria on which the assessments are based.
521 ## - TARGET AUDIENCE NOTE
Target audience note Advanced
650 24 - SUBJECT ADDED ENTRY--TOPICAL TERM
Topical term or geographic name entry element ECO-TOWNS
651 #4 - SUBJECT ADDED ENTRY--GEOGRAPHIC NAME
Geographic name England and Wales
Chronological subdivision 1543-
690 ## - LOCAL SUBJECT ADDED ENTRY--TOPICAL TERM (OCLC, RLIN)
Topical term or geographic name as entry element ENVIRONMENTAL AND LAND CONSULTANCY-SUSTAINABILITY-SUSTAINABLE DEVELOPMENT
856 40 - ELECTRONIC LOCATION AND ACCESS
Uniform Resource Identifier <a href="https://www.communities.gov.uk/documents/housing/pdf/ecotownsscopingreport">https://www.communities.gov.uk/documents/housing/pdf/ecotownsscopingreport</a>
Public note View the item free of charge at www.communities.gov.uk...
942 ## - ADDED ENTRY ELEMENTS (KOHA)
Suppress in OPAC 0
Holdings
Withdrawn status Lost status Source of classification or shelving scheme Damaged status Not for loan Home library Current library Shelving location Date acquired Total Checkouts Full call number Barcode Date last seen Copy number Price effective from Koha item type
    Dewey Decimal Classification     Virtual Virtual Online 25/07/2008   ONLINE PUBLICATION 144521-1001 06/08/2019 1 06/08/2019 Book